| 000 | 00710nam a22000977a 4500 | ||
|---|---|---|---|
| 008 | 171209b xxu||||| |||| 00| 0 eng d | ||
| 100 | _aBofarull, Salvador | ||
| 245 | _aTabaco y filatelia | ||
| 260 |
_aMadrid Spain _bEDIFIL, S.A. _c2006 |
||
| 650 | _aTopical Collecting -- Tobacco | Topical Collecting -- Botany | Topical Collecting -- History | Topical Collecting -- Famous People | Topical Collecting -- Health | Revenues | Cinderella Material | Postal History | Postal Markings | Covers | Pre-adhesive Covers | Official Mail | United States -- Maryland -- Port Tobacco | Postal Markings -- Slogan | Machine Cancels | Advertisements | Postal Stationery -- Advertising | Postal Stationery | First Days | Bibliographies | ||
| 999 |
_c2572 _d2572 |
||